Biblical Cities - Statistics

General Stats
  • This quiz has been taken 55 times
  • The average score is 5 of 51
Answer Stats
Hint Answer % Correct
The Lord confounded the language of the inhabitants of this city Babel
91%
God punished the inhabitants of this city and Sodom for their ungodly behavior Gomorrah
47%
Nebuchadnezzar's kingdom was centered in this city Babylon
37%
Moses died on a mountain across the Jordan River from this city Jericho
33%
God brought Abram out of this city of the Chaldeans Ur
26%
The Preacher was king of this city Jerusalem
21%
The king of this city sent David cedar trees for the building of his house Tyre
21%
Melchizedek was king of this city Salem
19%
According to Jeremiah, Jerusalem's punishment was greater than this city's punishment Sodom
19%
Paul warned people of this city not to be divided in loyalty toward Paul, Apollos, Cephas, or Christ Corinth
16%
Simon from this city was asked to carry the cross of Jesus Cyrene
16%
Samson removed the doors of the gate of this city Gaza
16%
Paul had planned to depart for Spain from this city Rome
16%
Ruth's husbands were from this city Bethlehem
12%
Paul returned to this city after traveling in Arabia Damascus
12%
Paul advised the followers of Jesus in this city that wives should respect their husbands and husbands should love their wives Ephesus
12%
A woman poured an expensive flask of ointment on Jesus in the home of Simon the leper in this city Bethany
9%
The church in this city partnered with Paul in giving and receiving after he left Macedonia Philippi
9%
Joseph's bones were buried in this city Shechem
9%
Joel prophesied that God would sell the sons and daughters of Tyre and this city to the people of Judah Sidon
9%
Esther lived in this city Susa
9%
Paul and Silvanus sent Timothy from this city to visit the Thessalonians Athens
7%
The 12 spies sent by Moses came to this city Hebron
7%
The son of a widow from this city was raised from the dead by Jesus Nain
7%
Jonah was a passenger on a ship going to this city Tarshish
7%
Cedar trees were transported from Lebanon to Jerusalem through this port city Joppa
5%
Simon the magician practiced his magic in this city Samaria
5%
Hosea prophesied that this city would be destroyed because of its great evil Bethel
2%
Jesus' disciple Philip was from this city Bethsaida
2%
Shimei traveled to this city in violation of his agreement with Solomon to never leave Jerusalem Gath
2%
The husband in Song of Solomon compares his bride's eyes to pools in this city Heshbon
2%
Paul asked the church in Colossae to share his letter to them to the church in this nearby city Laodicea
2%
Nahum prophesied against this city Nineveh
2%
Samuel's parents were from this city Ramah
2%
The people of Israel began their exodus from Egypt in this city Rameses
2%
God forsook the Tent of Meeting in this city in response to idolatry of His people Shiloh
2%
Elisha raised back to life the son of a woman from this city Shunem
2%
John chastises the church in this city for tolerating the sexual immorality of Jezebel Thyatira
2%
Paul's spirit was not at rest in this city because he could not find Titus Troas
2%
God condemns the people of this city for telling Jeremiah not to prophesy in the Lord's name Anathoth
0%
Sargon king of Assyria fought against and captured this city in the first year of Isaiah's 3 year naked walk Ashdod
0%
Zephaniah prophesied that the remnant of Judah would possess and lie down in the houses of this city Ashkelon
0%
Zechariah prophesied that this city would be like the Jebusites Ekron
0%
Solomon was visiting this city when he asked God for wisdom Gibeon
0%
Amos prophesied that the people of this city would go into exile Gilgal
0%
Uzzah died after touching the Ark of the Covenant when David moved it from this city Kiriath-Jearim
0%
Micah was from this city Moresheth
0%
Paul told Titus that he planned to spend the winter in this city Nicopolis
0%
Habakkuk said that God came from this city Teman
0%
Paul told Timothy that Demas deserted him and went to this city Thessalonica
0%
Obadiah prophesed that the exiles of Israel shall possess the land of the Canaanites as far as this city Zarephath
0%
No matching quizzes found
Score Distribution
Percent of People with Each Score
Percentile by Number Answered
Your Score History
You have not taken this quiz